UM Logo

Cultural anthropology : (Record no. 17541)

MARC details
000 -LEADER
fixed length control field 00604nam a2200169 4500
008 - FIXED-LENGTH DATA ELEMENTS--GENERAL INFORMATION
fixed length control field 221104b ||||| |||| 00| 0 eng d
020 ## - INTERNATIONAL STANDARD BOOK NUMBER
International Standard Book Number 9781260598117
082 ## - DEWEY DECIMAL CLASSIFICATION NUMBER
Edition number 2022
Classification number DC 306
Item number K848
100 ## - MAIN ENTRY--PERSONAL NAME
Personal name Kottak, Conrad Phillip.
9 (RLIN) 46638
245 ## - TITLE STATEMENT
Title Cultural anthropology :
Remainder of title appreciating cultural diversity /
Statement of responsibility, etc. Conrad Phillip Kottak.
250 ## - EDITION STATEMENT
Edition statement Nineteenth edition.
260 ## - PUBLICATION, DISTRIBUTION, ETC. (IMPRINT)
Place of publication, distribution, etc. New York :
Name of publisher, distributor, etc. McGrawHill,
Date of publication, distribution, etc. ©2022.
300 ## - PHYSICAL DESCRIPTION
Extent xxv, 322 pages :
Other physical details illustrations ;
Dimensions 27 cm.
500 ## - GENERAL NOTE
General note Includes glossary and bibliographical references and indexes.<br/>
650 ## - SUBJECT ADDED ENTRY--TOPICAL TERM
Topical term or geographic name as entry element Anthropology.
9 (RLIN) 46639
942 ## - ADDED ENTRY ELEMENTS (KOHA)
Source of classification or shelving scheme Dewey Decimal Classification
Koha item type Circulation
Holdings
Withdrawn status Lost status Source of classification or shelving scheme Damaged status Not for loan Collection code Home library Current library Date acquired Source of acquisition Cost, normal purchase price Total Checkouts Full call number Barcode Date last seen Price effective from Koha item type
    Dewey Decimal Classification     Circulation UM Digos College - LIC UM Digos College - LIC 08/16/2022 Purchased 4750.00   DC 306 K848 2022 27176 05/15/2025 11/04/2022 Circulation